000 00659nam a2200193Ii 4500
003 JO-AjNU
008 230605s9999||||xx |||||||||||||| ||und||
040 _aJO-AjNU
_bara
_erda
_cJO-AjNU
041 _aara
050 1 4 _aD13.J3582.1987
100 3 _aالجمل، شوقي,
_eauthor
_97968
245 0 0 _aعلم التاريخ: نشاته وتطوره ووضعه بين العلوم الاخرى ومناهج البحث فيه
264 3 1 _aمصر: دار المعارف، 1987
300 _a208ص
336 _atext
_btxt
_2rdacontent
337 _aunmediated
_bn
_2rdamedia
338 _avolume
_bnc
_2rdacarrier
650 4 _aالتربخ-فلسفة
_97969
999 _aA547
_c4115
_d4115